| 000 | 00351nam a22001337a 4500 | ||
|---|---|---|---|
| 020 | _a9789693522518 | ||
| 040 | _cNUST | ||
| 082 | _a954.914 IHS | ||
| 100 |
_aIhsan H Nadiem _988550 |
||
| 245 | _aPortrait Of Punjab Land History People | ||
| 260 |
_aLAHORE: _bSang E Meel Publications, _c2009 |
||
| 650 |
_aPunjab (Pakistan) _988551 |
||
| 942 |
_2ddc _cBK |
||
| 999 |
_c587676 _d587676 |
||